Central Library OPAC University of Rajshahi

Optimal decision rules for government and industry / (Record no. 51780)

MARC details
000 -LEADER
fixed length control field 00883cam a22002412 4500
001 - CONTROL NUMBER
control field 51780
003 - CONTROL NUMBER IDENTIFIER
rucl marc code BD-RjUL
005 - DATE AND TIME OF LATEST TRANSACTION
control field 20211209075718.0
008 - FIXED-LENGTH DATA ELEMENTS--GENERAL INFORMATION
fixed length control field 160903s19681964ne a b 001 0 eng
035 ## - SYSTEM CONTROL NUMBER
System control number (BD-RjUL) 51900
040 ## - CATALOGING SOURCE
Original cataloging agency DLC
Transcribing agency WSU
Modifying agency SER
-- BD-RjUL
Language of cataloging eng
041 ## - LANGUAGE CODE
Language code of text/sound track or separate title eng
082 ## - DEWEY DECIMAL CLASSIFICATION NUMBER
Classification number 658.018
Edition number 23
Author mark and year THO 1968
100 1# - MAIN ENTRY--PERSONAL NAME
Personal name Theil, Henri
9 (RLIN) 131764
245 10 - TITLE STATEMENT
Title Optimal decision rules for government and industry /
Statement of responsibility, etc. P. J. M. van den Bogaard ; A. P. Barten ; J. C. G. Boot ; C. van de Panne.
260 ## - PUBLICATION, DISTRIBUTION, ETC. (IMPRINT)
Place of publication, distribution, etc. Chicago :
Name of publisher, distributor, etc. Rand McNally,
Date of publication, distribution, etc. 1964 [printing1968]
300 ## - PHYSICAL DESCRIPTION
Pagination xvii, 364 p. :
Illustrations ill. ;
Size 23 cm.
490 1# - SERIES STATEMENT
Series statement Studies in mathematical and managerial economics,
Volume/sequential designation v. 1
504 ## - BIBLIOGRAPHY, ETC. NOTE
Bibliography, etc Bibliography: p. 357-360.
650 #0 - SUBJECT ADDED ENTRY--TOPICAL TERM
Topical term or geographic name as entry element Decision making
General subdivision Mathematical models.
9 (RLIN) 139454
830 #0 - SERIES ADDED ENTRY--UNIFORM TITLE
Uniform title Studies in mathematical and managerial economics,
Volume number/sequential designation v. 1
942 ## - ADDED ENTRY ELEMENTS (KOHA)
Source of classification or shelving scheme Dewey Decimal Classification
Koha item type Books
Holdings
Lost status Source of classification or shelving scheme Damaged status Not for loan Collection code Permanent Location Current Location Shelving location Date acquired Source of acquisition Cost, normal purchase price Total Checkouts Full call number Date last seen Copy number Koha item type
  Dewey Decimal Classification     Non-fiction Central Library, University of Rajshahi Central Library, University of Rajshahi   24/06/1973 Mitali prokasoni 161.50   658.018 THO 1968 03/09/2016 C-2 Books
  Dewey Decimal Classification   Not For Loan Non-fiction Central Library, University of Rajshahi Central Library, University of Rajshahi Reading Room 03/07/1970 Book view     658.018 THO 1968 28/12/2016 C-1 Books